000 00552nam a22001937a 4500
999 _c25332
_d25332
003 OSt
005 20210610134519.0
008 170320b xxu||||| |||| 00| 0 eng d
016 _29781416583325
040 _aMMU
_beng
_cMMU
_dMMU
050 _aBF637
_b.N4M58 2010
100 _aMnookin, Robert
245 _aBargaining with the devil :
_bWhen to negotiate, when to fight /
_c Robert Mnookin
260 _aNew York :
_bSimon & Schuster,
_c2010.
300 _ax, 319p. :
500 _aincludes index
650 _aNegotiation
942 _2lcc
_cLOAN LOAN